书目信息 |
| 题名: |
汉语音韵学
|
|
| 作者: | 龙庄伟 编著 | |
| 分册: | ||
| 出版信息: | 北京 语文出版社 2005 |
|
| 页数: | 184页 | |
| 开本: | 21cm | |
| 丛书名: | ||
| 单 册: | ||
| 中图分类: | H11 | |
| 科图分类: | ||
| 主题词: | 汉语--音韵学--高等学校--教材 | |
| 电子资源: | ||
| ISBN: | 7-80184-229-4 | |
| 000 | 01053nam0 2200301 450 | |
| 000 | 01016nam0 2200289 450 | |
| 000 | 01014nam0 2200301 450 | |
| 000 | 00960nam0 2200277 450 | |
| 000 | 00978nam0 2200265 450 | |
| 000 | 00941nam0 2200253 45 | |
| 001 | TS-195541 | |
| 005 | 20061226102520.96 | |
| 010 | @a7-80184-229-4@dCNY16.00 | |
| 100 | @a20060829d2005 em y0chiy0110 ea | |
| 101 | 0 | @achi |
| 102 | @aCN@b110000 | |
| 105 | @aa z 000yy | |
| 200 | 1 | @a汉语音韵学@Ahan yu yin yun xue@f龙庄伟编著@FLong Zhuang Wei Bian Zhu |
| 210 | @a北京@c语文出版社@d2005 | |
| 215 | @a184页@c折图@d21cm | |
| 330 | @a本书包括:今音学、等韵学、古音学、北音学等五章,介绍了什么是音韵学,汉字标音方法,音韵学的一些基本概念,《切韵》和《广韵》,韵图的分类等内容。 | |
| 606 | 0 | @a汉语@x音韵学@x高等学校@y教材 |
| 690 | @aH11@v4 | |
| 701 | 0 | @a龙庄伟@Along zhuang wei@4编著 |
| 801 | 0 | @aCN@b中图数据@c20061226 |
| 905 | @a10447@dH11@e103 | |
| 汉语音韵学/龙庄伟编著.-北京:语文出版社,2005 |
| 184页:折图;21cm |
| ISBN 7-80184-229-4:CNY16.00 |
| 本书包括:今音学、等韵学、古音学、北音学等五章,介绍了什么是音韵学,汉字标音方法,音韵学的一些基本概念,《切韵》和《广韵》,韵图的分类等内容。 |
| ● |
| 相关链接 |
|
|
|
|
正题名:汉语音韵学
索取号:H11/103
 
预约/预借
| 序号 | 登录号 | 条形码 | 馆藏地/架位号 | 状态 | 备注 |
| 1 | 0617098 | 206170980 | 第二样本阅览室/ [索取号:H11/103] | 在馆 | |
| 2 | 0617099 | 206170999 | 第四借阅区/ [索取号:H11/103] | 在馆 | |
| 3 | 0617100 | 206171006 | 第四借阅区/ [索取号:H11/103] | 在馆 | |
| 4 | 0617101 | 206171015 | 第四借阅区/ [索取号:H11/103] | 在馆 | |
| 5 | 0617102 | 206171024 | 第四借阅区/ [索取号:H11/103] | 在馆 |